| 000 | 01151nam a22002657a 4500 | ||
|---|---|---|---|
| 001 | BD-DhSAU 7469 | ||
| 003 | BD-DhSAU | ||
| 005 | 20231005115435.0 | ||
| 008 | 150422b2006 bg ||||| m||m 00| 0 eng d | ||
| 040 | _aBD-DhSAU | ||
| 082 |
_222 _a571.92 _bF375 |
||
| 100 |
_aFERDOUS, RAIHAN _eRegistration No. # 20-11106 |
||
| 245 |
_aDetection and estimation of bacterial load
in selected leafy greens collected from
diverse marketplaces of dhaka city in
bangladesh
/
_bMS thesis |
||
| 260 |
_aSher-e- Bangla Agricultural University: _bDepartment of Plant Pathology, _c2022. |
||
| 300 |
_axi, 93p.: _b30 cm. |
||
| 500 | _aMS thesis of Department of Plant Pathology , Faculty of Agriculture, Sher-e-Bangla Agricultural University, Dhaka, Bangladesh | ||
| 590 | _aNamul | ||
| 650 | _aestimation of bacterial load | ||
| 651 | _aleafy greens collected | ||
| 654 | _amarketplaces of dhaka city in bangladesh | ||
| 700 |
_aProf. Dr. Nazneen Sultana _eSuperviser |
||
| 700 |
_aProf. Dr. Md. Belal Hossain _eCo-Superviser |
||
| 856 | _uhttp://archive.saulibrary.edu.bd:8080/xmlui/handle/123456789/4980 | ||
| 942 |
_2ddc _cTHESIS |
||
| 999 |
_c17122 _d17121 |
||